| 000 | 01281cam a2200253 4500 | ||
|---|---|---|---|
| 001 | WB@3612-837 | ||
| 008 | 041004n2004 000 0 eng u | ||
| 035 | _a(Sirsi) u127616 | ||
| 245 | _aTax allowances for reasonable adjustments | ||
| 260 | _c2004 | ||
| 490 |
_aInland Revenue Press Release _v1 October 2004 (2) |
||
| 520 | _aThe Inland Revenue has published new guidance on tax allowances for businesses making their premises more accessible to disabled people. The guidance clarifies the reliefs relating to the most common types of reasonable adjustments that businesses must make to comply fully with the provisions of the Disability Discrimination Act 1995 from 1 October 2004. The guidance is available at http://www.inlandrevenue.gov.uk/specialist/disabil ity-act-guidance.htm. http://www.gnn.gov.uk/environment/detail.asp?Relea seID=131095&NewsAreaID=2&NavigatedFromDepartment=T rue | ||
| 590 | _aWB | ||
| 590 | _aWB | ||
| 650 | _aMANAGEMENT-BUSINESS MANAGEMENT-DISCRIMINATION-DISABILITY DISCRIMINATION-ACCESSIBILITY | ||
| 650 | _aREASONABLE ADJUSTMENTS | ||
| 650 | _aTAX RELIEF | ||
| 650 | _aDISABLED PEOPLE | ||
| 650 | _aDISABILITY DISCRIMINATION ACT 1995 | ||
| 650 | _aTAX ALLOWANCES | ||
| 650 | _aBUSINESSES | ||
| 690 | _aTAXATION | ||
| 942 | _n0 | ||
| 999 |
_c118114 _d118114 |
||